| 000 | 01246 a2200205 4500 | ||
|---|---|---|---|
| 003 | Nust | ||
| 005 | 20230317100143.0 | ||
| 010 | _a 87001365 | ||
| 020 | _a0201099152 : | ||
| 040 | _cNust | ||
| 082 | 0 | 0 | _a621.395,SIL |
| 245 | 0 | 0 |
_aSilicon compilation / _cedited by Daniel D. Gajski. |
| 260 |
_aReading, Mass. : _bAddison-Wesley Pub. Co., _cc1988. |
||
| 300 |
_ax, 450 p. : _bill. ; _c25 cm. |
||
| 505 | _aIntroduction to Silicon Compilation (Page-1), Design of Module Generators and Silicon Compilers (Page-49), Knowledge-Base System for IC Design (Page-95), An Intelligent Composition Tool for Regular and Semiregular VLSI Structures (Page-113), The VLSI Design Automation Assistant: an Architecture Compiler (Page-122), Algorithmic System Compilation: Silicon Compilation for System Designers (Page-153), The Yorkrown Silicon Compiler (Page-204), Cathedral 2: A Synthesis System for Multiprocessor DSP (Page-311), The Genesil Silicon Compiler (Page-361), Design Methodologies of the Concorde Silicon Compiler (Page-406). | ||
| 650 | 0 |
_aIntegrated circuits _xVery large scale integration _xDesign and construction _xData processing. _9100753 |
|
| 650 | 0 |
_aSilicon compilers. _9110498 |
|
| 700 | 1 |
_aGajski, Daniel D. _981556 |
|
| 942 |
_2ddc _cBK |
||
| 999 |
_c183873 _d183873 |
||